Controle jurisdicional preventivo da lei : (Record no. 832)

MARC details
000 -LÍDER
Campo Fixo de Controle 00934nam a2200265 a 4500
001 - NÚMERO DE CONTROLE
Campo de Controle 832
003 - IDENTIFICAÇÃO DO NÚMERO DE CONTROLE
Campo de Controle BR-CuiBMT
005 - DATA E HORA DA ÚLTIMA ATUALIZAÇÃO
Campo de Controle 20231121010151.0
008 - DADOS FIXOS
Dados Fixos 230905s2006 rjb 00| 0 por d
020 ## - INTERNATIONAL STANDARD BOOK NUMBER
Nº do ISBN 857387869X
040 ## - AGÊNCIA CATALOGADORA
Código da Agência Catalogadora BR-CuiBMT
Agência que transcreveu o registro BR-CuiBMT
080 ## - Nº DA CLASSIFICAÇÃO DECIMAL UNIVERSAL
Nº Class. CDU 340.134:342.52
Nº edição CDU 2007
090 ## - NÚMERO DE CHAMADA
Nº classificação 340.134:342.52
Cutter T231c
100 1# - ENTRADA PRINCIPAL -- AUTOR PESSOAL
Nome pessoal Tavares, Sebastião Gilberto Mota
245 10 - TÍTULO PRINCIPAL
Título principal Controle jurisdicional preventivo da lei :
Subtítulo o devido processo legislativo /
Indicação de responsabilidade Sebastião Gilberto Mota Tavares.
260 ## - PUBLICAÇÃO, DISTRIBUIÇÃO, ETC.
Local de publicação Rio de Janeiro :
Editora Lumen Juris,
Data 2006.
300 ## - DESCRIÇÃO FÍSICA
N. páginas ou volumes xxiii, 224 p. ;
Dimensões 23 cm
500 ## - NOTAS GERAIS
Notas gerais Originalmente apresentado como dissertação (mestrado-Universidade Federal de Pernambuco).
504 ## - NOTA DE BIBLIOGRAFIA, ETC.
Nota de bibliografia Inclui bibliografia.
650 ## - ASSUNTO TÓPICO
Cabeçalho tópico ou nome geográfico Direito constitucional
Subdivisão geográfica Brasil
650 ## - ASSUNTO TÓPICO
Cabeçalho tópico ou nome geográfico Controle da constitucionalidade
Subdivisão geográfica Brasil
650 ## - ASSUNTO TÓPICO
Cabeçalho tópico ou nome geográfico Direito processual
650 ## - ASSUNTO TÓPICO
Cabeçalho tópico ou nome geográfico Processo legislativo
Subdivisão geral Controle
942 ## - ELEMENTOS DE ENTRADA ADICIONAIS (KOHA)
Fonte de classificação ou esquema de arquivamento Classificação Decimal Universal
Tipo de item do Koha Livros
Holdings
Estado: removido Estado: perdido Fonte de classificação ou esquema de arquivamento Estado: danificado Indisponível para empréstimo Localização permanente Localização atual Data de aquisição Total Checkouts Número de Chamada completo Código de barras Date last seen Número do exemplar Preço efetivo a partir de Tipo de item (Koha)
    Classificação Decimal Universal     Biblioteca da Escola Superior de Contas do TCE/MT Biblioteca da Escola Superior de Contas do TCE/MT 02/04/2013   340.134:342.52 T231c BIBTCEMT23110772 21/11/2023 Ex. 1 21/11/2023 Livros

Powered by Koha